000 00267nam a22001217a 4500
008 170616b xxu||||| |||| 00| 0 eng d
041 _aeng
080 _a94(100)
100 _a15
101 _aSHH
245 _aYANK THE ARMY WEEKLY
_cKLIUGER.S
942 _2udc
_cBK
999 _c17855
_d17855